00293nam a2200097Ia 4500008004000000082001700040100002400057245006200081260004500143300000700188210210b1994 xxu||||| |||| 00| 0 eng d a891.461 JUNS aJUNQUEIRO (Guerra). aSimple folk: a collection of poems. Tr by Olivinho Gomes. aGoa.bKonkani Sorospot Prakashan.,c1994 a72